El hábito lector como estrategia sagrada

Saved in:
書目詳細資料
Main Authors: Altamirano Olmedo, Rolando (Author), González Pinto, Mauricio (Author), Guilardes Morales, Francisco (Author)
格式: 圖書
語言:西班牙语
出版: Valparaíso CISMO 2009
版:1a. ed
主題:
標簽: 添加標簽
沒有標簽, 成為第一個標記此記錄!

MARC

LEADER 00000cam a2200000 a 4500
001 UCG6241
003 CL-VaPUC
008 110414e20091200CL |||||||||||||||||spa|d
020 |a 9789568810016 
082 0 4 |a 372.414  |b ALT  |2 21 
100 0 |a Altamirano Olmedo, Rolando  |e author  |9 556307 
700 0 |a González Pinto, Mauricio  |e author  |9 556308 
700 0 |a Guilardes Morales, Francisco  |e author  |9 556309 
245 1 3 |a El hábito lector como estrategia sagrada 
250 |a 1a. ed 
300 |a 113 p 
942 |c BK 
945 |d 20110414 00:00:00  |a dcastane 
260 |a Valparaíso  |b CISMO  |c 2009 
650 0 |a Promoción de la lectura   |9 334232 
650 0 |a Lectura  |9 307634 
650 7 |a HABITO DE LECTURA  |2 CL-VaPUC  |9 334231 
583 |a last modification  |c 20131115 05:59:23  |k Rodrigo Vera 
999 |c 344515  |d 344513 
952 |0 0  |1 0  |4 0  |6 372_414000000000000_ALT_2009  |7 0  |8 A  |9 442531  |a BIBING  |b BIBING  |d 2019-11-22  |i 4765842  |o 372.414 ALT 2009  |p 4765842  |r 2025-01-20  |w 2019-11-22  |y BK  |k EII